000 00430nam a22001697a 4500
005 20180607115612.0
008 160525b xxu||||| |||| 00| 0 eng d
020 _a978-81-259-3085-3
041 _aeng
082 _b4874
_a657
100 _aMaheshwari, S.N. and S.K.
_91171
245 _aAn Introduction to Accountancy
260 _aNew Delhi
_bAcademic Faundation
300 _a1283
650 _aManagement
_9241
942 _cBK
999 _c1692
_d1691